[Event "Igor Kurnosov Mem Rapid"]
[Site "Chelyabinsk RUS"]
[Date "2016.05.26"]
[Round "1.1"]
[White "Grischuk, Alexander"]
[Black "Kuznetsov, Igor"]
[Result "1-0"]
[WhiteTitle "GM"]
[WhiteElo "2752"]
[BlackElo "2156"]
[WhiteFideId "4126025"]
[BlackFideId "4101790"]
[EventDate "2016.05.26"]

1. e4 e6 2. d4 d5 3. e5 c5 4. c3 Nc6 5. Nf3 Qb6 6. a3 c4 7. Nbd2 f6 8. Be2 fxe5
9. Nxe5 Nxe5 10. dxe5 Bc5 11. O-O Ne7 12. b4 cxb3 13. Nxb3 O-O 14. Nxc5 Qxc5 15.
Qd3 Nc6 16. Qg3 Rf5 17. Bh6 g6 18. Bd3 Rh5 19. Be3 Qe7 20. Bxg6 Rxe5 21. Be8+
Qg7 22. Qxg7+ Kxg7 23. Bxc6 Rxe3 24. Bxb7 Bxb7 25. fxe3 Rc8 26. Rac1 Ba6 27.
Rfd1 Bc4 28. Rb1 Ba6 29. Rdc1 Kf6 30. Rb4 Ke5 31. Ra4 Rc6 32. Kf2 Kd6 33. e4 Kc5
34. exd5 Kxd5 35. Ke3 e5 36. c4+ Bxc4 37. Ra5+ Ke6 38. Rxa7 Bd5 39. Rxc6+ Bxc6
40. Ra6 Kd5 41. Rxc6 1-0

[Event "Igor Kurnosov Mem Rapid"]
[Site "Chelyabinsk RUS"]
[Date "2016.05.26"]
[Round "1.2"]
[White "Pauli, Stanislav"]
[Black "Rublevsky, Sergei"]
[Result "0-1"]
[BlackTitle "GM"]
[WhiteElo "1967"]
[BlackElo "2692"]
[WhiteFideId "24106712"]
[BlackFideId "4115309"]
[EventDate "2016.05.26"]

1. Nf3 d5 2. b3 Bg4 3. Bb2 Nd7 4. d4 e6 5. Nbd2 f5 6. e3 Ngf6 7. Be2 Bd6 8. h3
Bxf3 9. gxf3 O-O 10. c4 c6 11. c5 Bc7 12. b4 f4 13. e4 e5 14. Qb3 a5 15. b5 a4
16. Qc2 exd4 17. exd5 cxd5 18. Bxd4 Be5 19. Bxe5 Nxe5 20. O-O-O Qa5 21. Kb1 Rac8
22. Rc1 Nfd7 23. Qb2 Nxc5 24. Qxe5 Qxd2 25. Rhd1 Qb4+ 26. Ka1 Rfd8 27. Rxd5 Nb3+ 0-1

[Event "Igor Kurnosov Mem Rapid"]
[Site "Chelyabinsk RUS"]
[Date "2016.05.26"]
[Round "1.3"]
[White "Inarkiev, Ernesto"]
[Black "Mokshantsev, Anton"]
[Result "1-0"]
[WhiteTitle "GM"]
[WhiteElo "2686"]
[BlackElo "1910"]
[WhiteFideId "4162722"]
[BlackFideId "24183571"]
[EventDate "2016.05.26"]

1. d4 Nf6 2. c4 e6 3. Nf3 d5 4. g3 Be7 5. Bg2 O-O 6. O-O dxc4 7. Qc2 c5 8. dxc5
Bxc5 9. Qxc4 Qe7 10. Bg5 Nbd7 11. Nc3 h6 12. Bxf6 Nxf6 13. Ne5 a6 14. Rac1 Rd8
15. e3 Bd6 16. f4 b5 17. Nc6 Qf8 18. Qe2 Rd7 19. Ne7+ Qxe7 20. Bxa8 Bb7 21. Bxb7
Rxb7 22. e4 Bc5+ 23. Kg2 Nd7 24. e5 Nb6 25. Ne4 Nc4 26. Nxc5 Qxc5 27. b3 Qd5+
28. Rf3 Nb6 29. Rd1 Qc5 30. Rd8+ 1-0

[Event "Igor Kurnosov Mem Rapid"]
[Site "Chelyabinsk RUS"]
[Date "2016.05.26"]
[Round "1.4"]
[White "Murzin, Volodar"]
[Black "Ponkratov, Pavel"]
[Result "0-1"]
[BlackTitle "GM"]
[WhiteElo "2170"]
[BlackElo "2595"]
[WhiteFideId "44155573"]
[BlackFideId "4157800"]
[EventDate "2016.05.26"]

1. g3 e5 2. Bg2 d5 3. c4 d4 4. d3 Nf6 5. Nf3 Nc6 6. O-O Be7 7. e3 O-O 8. exd4
exd4 9. a3 a5 10. b3 Nd7 11. Bb2 Nc5 12. Ne1 Bf5 13. Qf3 Qd7 14. Nd2 Bg4 15. Qd5
Be2 16. Qxd7 Nxd7 17. Bxc6 bxc6 18. Bxd4 c5 19. Bc3 Bf6 20. Bxf6 Nxf6 21. f4
Bxf1 22. Kxf1 Rfe8 23. Ndf3 Rab8 24. Rb1 Rb6 25. Nc2 Reb8 26. Nd2 Rd8 27. Ne1 a4
28. b4 cxb4 29. axb4 a3 30. Rb3 Ra8 31. Nc2 a2 32. Na1 Nd7 33. d4 h6 34. d5 Ra4
35. b5 Nc5 36. Rb2 Rb8 37. Rc2 Re8 38. Nf3 Re3 39. Nd4 Rd3 0-1

[Event "Igor Kurnosov Mem Rapid"]
[Site "Chelyabinsk RUS"]
[Date "2016.05.26"]
[Round "1.5"]
[White "Movsesian, Sergei"]
[Black "Shnayder, Violetta"]
[Result "1-0"]
[WhiteTitle "GM"]
[WhiteElo "2660"]
[BlackElo "1941"]
[WhiteFideId "310204"]
[BlackFideId "4106750"]
[EventDate "2016.05.26"]

1. e4 c5 2. Nf3 d6 3. Nc3 Nf6 4. d4 cxd4 5. Qxd4 Nc6 6. Bb5 Bd7 7. Bxc6 Bxc6 8.
Bg5 e5 9. Qd3 Be7 10. O-O-O a6 11. Bxf6 gxf6 12. Nh4 Qc7 13. Nf5 O-O-O 14. Qc4
Bf8 15. Nd5 Bxd5 16. Qxd5 h5 17. Rd3 Kb8 18. Kb1 Qc6 19. Qxf7 Rc8 20. Rc3 Qxe4
21. Rxc8+ Kxc8 22. Qxf8+ 1-0

[Event "Igor Kurnosov Mem Rapid"]
[Site "Chelyabinsk RUS"]
[Date "2016.05.26"]
[Round "1.6"]
[White "Anchutin, Nikita"]
[Black "Khismatullin, Denis"]
[Result "0-1"]
[BlackTitle "GM"]
[WhiteElo "2159"]
[BlackElo "2609"]
[WhiteFideId "34129895"]
[BlackFideId "4142578"]
[EventDate "2016.05.26"]

1. d4 Nf6 2. Nf3 e6 3. c4 d5 4. g3 dxc4 5. Bg2 c6 6. Ne5 Bb4+ 7. Nc3 Nd5 8. Qc2
Nxc3 9. bxc3 Qxd4 10. cxb4 Qxa1 11. Nxc4 O-O 12. O-O Qf6 13. Bb2 Qe7 14. Be5 Rd8
15. Qe4 f6 16. Bc3 Na6 17. Ne3 Nc7 18. Nf5 Qf7 19. Nd4 Nd5 20. Bb2 e5 21. Nf5
Be6 22. h4 Ne7 23. Ne3 Rd2 24. Bc3 Rxe2 25. a3 Rd8 0-1

[Event "Igor Kurnosov Mem Rapid"]
[Site "Chelyabinsk RUS"]
[Date "2016.05.26"]
[Round "1.7"]
[White "Riazantsev, Alexander"]
[Black "Kozirev, Alexander"]
[Result "1-0"]
[WhiteTitle "GM"]
[BlackTitle "FM"]
[WhiteElo "2646"]
[BlackElo "2104"]
[WhiteFideId "4125029"]
[BlackFideId "4105834"]
[EventDate "2016.05.26"]

1. d4 d5 2. c4 c6 3. Nf3 Nf6 4. Nc3 e6 5. e3 Nbd7 6. a4 a5 7. Bd3 Bd6 8. e4 dxe4
9. Nxe4 Nxe4 10. Bxe4 Bb4+ 11. Bd2 Nf6 12. Bc2 Bxd2+ 13. Qxd2 b6 14. O-O Bb7 15.
Qe3 O-O 16. Ne5 Qd6 17. c5 Qc7 18. Rfe1 Ba6 19. Be4 Nxe4 20. Qxe4 Rac8 21. cxb6
Qxb6 22. Nd7 Qxb2 23. Nxf8 Rxf8 24. Qxc6 Bb7 25. Qb5 Qxb5 26. axb5 Ra8 27. Rec1
Bd5 28. Rxa5 1-0

[Event "Igor Kurnosov Mem Rapid"]
[Site "Chelyabinsk RUS"]
[Date "2016.05.26"]
[Round "1.8"]
[White "Kovanova, Mariya"]
[Black "Lysyj, Igor"]
[Result "0-1"]
[WhiteTitle "WFM"]
[BlackTitle "GM"]
[WhiteElo "2143"]
[BlackElo "2668"]
[WhiteFideId "13704818"]
[BlackFideId "4150120"]
[EventDate "2016.05.26"]

1. e4 e5 2. d4 exd4 3. Qxd4 Nc6 4. Qe3 Nf6 5. Bd2 Bb4 6. Nc3 O-O 7. O-O-O Re8 8.
f3 d5 9. Qf2 dxe4 10. Bg5 Bd7 11. Nd5 Be7 12. Bxf6 Bxf6 13. Nxf6+ Qxf6 14. Rxd7
Qe6 15. Rd1 e3 16. Qh4 Qxa2 17. c3 Rad8 18. Bd3 Rxd3 19. Rxd3 Qa1+ 20. Kc2 e2
21. Nxe2 Rxe2+ 22. Rd2 Rxd2+ 23. Kxd2 Qxh1 24. Qg4 g6 25. h4 h5 26. Qc8+ Kg7 27.
Qxb7 Qxg2+ 28. Kc1 Qxf3 29. Qxc7 a5 0-1

[Event "Igor Kurnosov Mem Rapid"]
[Site "Chelyabinsk RUS"]
[Date "2016.05.26"]
[Round "1.9"]
[White "Bocharov, Dmitry"]
[Black "Mutav, Vladimir"]
[Result "1-0"]
[WhiteTitle "GM"]
[WhiteElo "2597"]
[BlackElo "1925"]
[WhiteFideId "4138716"]
[BlackFideId "24163449"]
[EventDate "2016.05.26"]

1. d4 d5 2. Nf3 Nf6 3. Bf4 e6 4. e3 Nh5 5. Bg5 Be7 6. h4 f6 7. g4 fxg5 8. hxg5
Ng3 9. fxg3 Bxg5 10. Bd3 Rf8 11. Qe2 Qd6 12. Rh3 h6 13. Nbd2 Nc6 14. O-O-O Bd7
15. Nxg5 hxg5 16. Bg6+ Kd8 17. c3 e5 18. Bf5 Bxf5 19. gxf5 Ke8 1-0

[Event "Igor Kurnosov Mem Rapid"]
[Site "Chelyabinsk RUS"]
[Date "2016.05.26"]
[Round "2.1"]
[White "Arkhipenko, Daniil"]
[Black "Grischuk, Alexander"]
[Result "0-1"]
[BlackTitle "GM"]
[WhiteElo "2159"]
[BlackElo "2752"]
[WhiteFideId "4191366"]
[BlackFideId "4126025"]
[EventDate "2016.05.26"]

1. d4 Nf6 2. c4 e6 3. Nc3 Bb4 4. e3 b6 5. Ne2 Ba6 6. a3 Bxc3+ 7. Nxc3 d5 8. cxd5
Bxf1 9. Kxf1 exd5 10. g4 O-O 11. g5 Ne4 12. Nxe4 dxe4 13. Rg1 Nc6 14. Qc2 Qd5
15. Bd2 Rac8 16. Rc1 Nd8 17. Rg4 Re8 18. Qa4 c6 19. h4 Ne6 20. Qc2 Nf8 21. b4
Qe6 22. Rg3 Ng6 23. h5 Ne7 24. f4 exf3 25. e4 Nf5 0-1

[Event "Igor Kurnosov Mem Rapid"]
[Site "Chelyabinsk RUS"]
[Date "2016.05.26"]
[Round "2.2"]
[White "Rublevsky, Sergei"]
[Black "Chekletsov, Ilya"]
[Result "1-0"]
[WhiteTitle "GM"]
[BlackTitle "FM"]
[WhiteElo "2692"]
[BlackElo "2216"]
[WhiteFideId "4115309"]
[BlackFideId "24177156"]
[EventDate "2016.05.26"]

1. e4 e5 2. Nf3 Nf6 3. Nc3 Nc6 4. Bb5 Bc5 5. Nxe5 Nxe5 6. d4 Bb4 7. dxe5 Nxe4 8.
Qd4 Nxc3 9. bxc3 Be7 10. Qg4 g6 11. Bh6 c6 12. Bd3 d5 13. Qg3 Be6 14. O-O Bf8
15. Be3 h5 16. f4 h4 17. Qf2 Qd7 18. Bxa7 b5 19. Bd4 Be7 20. f5 gxf5 21. Bxf5
Rg8 22. Kh1 Bxf5 23. Qxf5 Qxf5 24. Rxf5 c5 25. Bf2 Ra4 26. h3 Rg7 27. Rh5 Re4
28. Rd1 Re2 29. Kg1 d4 30. cxd4 cxd4 31. Rh8+ Kd7 32. Rxd4+ Ke6 33. Re8 Rxc2 34.
Rd6+ Kxe5 35. Rd7 Rc1+ 36. Kh2 1-0

[Event "Igor Kurnosov Mem Rapid"]
[Site "Chelyabinsk RUS"]
[Date "2016.05.26"]
[Round "2.3"]
[White "Zasukhin, Vadim"]
[Black "Inarkiev, Ernesto"]
[Result "0-1"]
[BlackTitle "GM"]
[WhiteElo "2292"]
[BlackElo "2686"]
[WhiteFideId "4123450"]
[BlackFideId "4162722"]
[EventDate "2016.05.26"]

1. d4 Nf6 2. c4 e6 3. Nf3 b6 4. g3 Bb7 5. Bg2 Be7 6. Nc3 Ne4 7. Qc2 Nxc3 8. Qxc3
O-O 9. O-O c5 10. Rd1 d6 11. dxc5 bxc5 12. Bf4 Qc7 13. Rd2 a5 14. Rad1 Ra6 15.
h4 Nd7 16. Ng5 Bxg2 17. Kxg2 h6 18. Nf3 Nf6 19. Rc2 a4 20. Qd3 e5 21. Bxh6 gxh6
22. e4 Qb7 23. Re2 Rb6 24. Rdd2 Ng4 25. Kh3 Qc8 26. Kg2 f5 27. Ne1 f4 28. Kg1
Kh8 0-1

[Event "Igor Kurnosov Mem Rapid"]
[Site "Chelyabinsk RUS"]
[Date "2016.05.26"]
[Round "2.4"]
[White "Ponkratov, Pavel"]
[Black "Baraeva, Marina"]
[Result "1-0"]
[WhiteTitle "GM"]
[BlackTitle "WIM"]
[WhiteElo "2595"]
[BlackElo "2208"]
[WhiteFideId "4157800"]
[BlackFideId "24142573"]
[EventDate "2016.05.26"]

1. e4 e6 2. d4 d5 3. Bd3 dxe4 4. Bxe4 Nf6 5. Bf3 Nbd7 6. Ne2 Bd6 7. c4 c6 8.
Nbc3 O-O 9. O-O Re8 10. Ng3 e5 11. d5 cxd5 12. Nxd5 e4 13. Be2 Nxd5 14. Qxd5 Nf6
15. Qd1 Qc7 16. Bg5 Be5 17. Qc2 h6 18. Bxf6 Bxf6 19. Rad1 Qc6 20. Rfe1 b6 21. f3
e3 22. Bd3 Qc7 23. Bh7+ Kh8 24. Be4 Bb7 25. Bxb7 Qxb7 26. Ne4 Be5 27. Rxe3 f5
28. Nd6 Bxd6 29. Rxe8+ Rxe8 30. Rxd6 Re1+ 31. Kf2 Qe7 32. Rd8+ Qxd8 33. Kxe1
Qh4+ 34. g3 Qd4 35. Kf1 f4 36. Kg2 h5 37. Qe2 g6 38. b3 Kg7 39. Qf2 Qe5 40. Qd2
g5 41. gxf4 gxf4 42. b4 h4 43. Qd7+ Kh6 44. Kh3 Qe3 45. Qd6+ Kh7 46. Qc7+ Kh6
47. Qc6+ Kg7 48. c5 bxc5 1-0

[Event "Igor Kurnosov Mem Rapid"]
[Site "Chelyabinsk RUS"]
[Date "2016.05.26"]
[Round "2.5"]
[White "Pisakov, Ilia"]
[Black "Movsesian, Sergei"]
[Result "0-1"]
[WhiteTitle "FM"]
[BlackTitle "GM"]
[WhiteElo "2199"]
[BlackElo "2660"]
[WhiteFideId "4139020"]
[BlackFideId "310204"]
[EventDate "2016.05.26"]

1. d4 Nf6 2. Nf3 d6 3. Bf4 Nbd7 4. e3 Nh5 5. Bg5 h6 6. Bh4 g5 7. Nfd2 Ndf6 8.
Be2 Ng7 9. Bg3 Nf5 10. c3 Bg7 11. Nf1 h5 12. h4 Ne4 13. Bxh5 e6 14. Qf3 gxh4 15.
Bxh4 Qd7 16. Nbd2 Nxh4 17. Rxh4 Nf6 18. Ng3 d5 19. O-O-O b6 20. Rdh1 Ba6 21. e4
O-O-O 22. e5 Nxh5 23. Nxh5 Bf8 24. Rf4 Qa4 25. a3 Bh6 26. Rhh4 Bg5 27. Rh3 Rxh5
28. Rxf7 Rxh3 29. Qxh3 Be2 30. Qh1 Bd3 31. Qd1 Qe8 32. Qh5 Qh8 33. g4 Qxh5 34.
gxh5 Rh8 35. f4 Bd8 36. c4 Rxh5 37. b3 Rf5 38. Rxf5 Bxf5 39. cxd5 exd5 40. Nf1
Kd7 41. Kd2 Ke6 42. b4 Bh4 43. b5 Bf2 44. Kc3 Bh3 45. Nd2 Be1 0-1

[Event "Igor Kurnosov Mem Rapid"]
[Site "Chelyabinsk RUS"]
[Date "2016.05.26"]
[Round "2.6"]
[White "Khismatullin, Denis"]
[Black "Inozemtsev, Sergei"]
[Result "1-0"]
[WhiteTitle "GM"]
[WhiteElo "2609"]
[BlackElo "2342"]
[WhiteFideId "4142578"]
[BlackFideId "24129690"]
[EventDate "2016.05.26"]

1. d4 c5 2. d5 e5 3. Nc3 d6 4. e4 a6 5. a4 g6 6. Nf3 Bg4 7. h4 h5 8. Be2 Bxf3 9.
Bxf3 Bh6 10. a5 Nd7 11. Bxh6 Nxh6 12. Qd2 Kf8 13. Nd1 b5 14. axb6 Nxb6 15. Ne3
Kg7 16. g3 Rf8 17. O-O Nd7 18. Ra3 Ra7 19. Rfa1 Nb8 20. Nc4 f5 21. b4 Rc7 22.
Rb1 f4 23. b5 axb5 24. Rxb5 Qe7 25. gxf4 Nd7 26. f5 gxf5 27. Qg5+ Qxg5+ 28. hxg5
Nf7 29. Bxh5 Nxg5 30. Nxd6 Kh6 31. Be8 fxe4 32. Ra6 Rf6 33. Rc6 Ra7 34. Nf5+ Kh7
35. Bxd7 Rg6 36. Rxg6 Kxg6 37. Rb6+ Kf7 38. Be6+ Kf6 39. Bc8+ Kf7 40. Ra6 Rc7
41. Be6+ Kf6 42. Ng3 Kg7 43. Bf5 Rf7 44. Nh5+ Kf8 45. Ra8+ Ke7 46. Ra7+ Kd6 47.
Rxf7 Nxf7 48. Bxe4 c4 49. Ng3 Kc5 50. c3 Nd6 51. Kg2 Nb5 52. Ne2 Nd6 53. Kf3 Kb5
54. Ke3 Kc5 55. f3 Nb5 56. Kd2 Nd6 57. Ng3 1-0

[Event "Igor Kurnosov Mem Rapid"]
[Site "Chelyabinsk RUS"]
[Date "2016.05.26"]
[Round "2.7"]
[White "Schetinin, Aleksander V."]
[Black "Riazantsev, Alexander"]
[Result "0-1"]
[BlackTitle "GM"]
[WhiteElo "2146"]
[BlackElo "2646"]
[WhiteFideId "4163478"]
[BlackFideId "4125029"]
[EventDate "2016.05.26"]

1. e4 e6 2. b3 d5 3. Bb2 Nf6 4. e5 Nfd7 5. d4 c5 6. c3 Nc6 7. Nd2 f6 8. f4 b6 9.
Bd3 Qe7 10. a3 Bb7 11. Qh5+ Qf7 12. Qxf7+ Kxf7 13. Ne2 Be7 14. O-O f5 15. Rac1
h6 16. b4 c4 17. Bc2 b5 18. a4 bxa4 19. Bxa4 a5 20. bxa5 Rxa5 21. Bc2 Ra2 22.
Rb1 Rha8 23. Nc1 R2a7 24. g4 fxg4 25. f5 Bg5 26. fxe6+ Kxe6 27. Bf5+ Ke7 28.
Ba3+ Rxa3 29. Rxb7 R8a7 30. Nb1 Ra1 31. Rxa7 Nxa7 32. Ne2 Nb6 33. Bxg4 Na4 34.
Bh5 Nb5 35. Ng3 Naxc3 36. Nf5+ Kd7 37. Nxc3 Rxf1+ 38. Kxf1 Nxc3 39. Nxg7 Na2 40.
Ke2 Nb4 41. Bg4+ Kc6 42. Nf5 c3 43. e6 c2 44. e7 Kd7 45. Ne3+ Kxe7 46. Nxc2 Nxc2
47. Kd3 Nb4+ 48. Kc3 Nc6 49. Bf3 Kd6 0-1

[Event "Igor Kurnosov Mem Rapid"]
[Site "Chelyabinsk RUS"]
[Date "2016.05.26"]
[Round "2.8"]
[White "Lysyj, Igor"]
[Black "Suslova, Alena"]
[Result "1-0"]
[WhiteTitle "GM"]
[BlackTitle "WFM"]
[WhiteElo "2668"]
[BlackElo "2247"]
[WhiteFideId "4150120"]
[BlackFideId "24111643"]
[EventDate "2016.05.26"]

1. Nf3 g6 2. d4 Bg7 3. e3 f5 4. c4 Nf6 5. Nc3 O-O 6. Be2 d6 7. O-O Nc6 8. d5 Ne5
9. Nxe5 dxe5 10. Qc2 e4 11. Rd1 Nd7 12. b3 a5 13. Bb2 Nc5 14. a3 b6 15. b4 Nb7
16. Nb5 Bd7 17. Bxg7 Kxg7 18. Qc3+ Rf6 19. Nd4 Qe8 20. c5 bxc5 21. bxc5 e5 22.
dxe6 Bxe6 23. Bb5 Qe7 24. Nxe6+ Qxe6 25. Rd7+ Kh6 26. Rxc7 Nd8 27. Bc4 1-0

[Event "Igor Kurnosov Mem Rapid"]
[Site "Chelyabinsk RUS"]
[Date "2016.05.26"]
[Round "2.9"]
[White "Bivol, Alina"]
[Black "Bocharov, Dmitry"]
[Result "0-1"]
[WhiteTitle "WIM"]
[BlackTitle "GM"]
[WhiteElo "2359"]
[BlackElo "2597"]
[WhiteFideId "4100123"]
[BlackFideId "4138716"]
[EventDate "2016.05.26"]

1. Nf3 g6 2. g3 Bg7 3. Bg2 e5 4. d3 Ne7 5. c4 O-O 6. O-O c6 7. e4 d5 8. exd5
cxd5 9. cxd5 Nxd5 10. Qb3 Ne7 11. Be3 Nbc6 12. Nbd2 b6 13. Rac1 Be6 14. Qa3 Rc8
15. Ne4 Rc7 16. Rfd1 h6 17. Nc3 Rd7 18. Nb5 Na5 19. b4 Nc4 20. Qa6 Nxe3 21. fxe3
Rxd3 22. Re1 Nf5 23. Nxa7 Nxe3 24. Nc6 Qd6 25. Ncxe5 Nxg2 26. Nxd3 Nxe1 27.
Ndxe1 Qxb4 28. Nd3 Qd6 29. Nf4 Bg4 0-1

[Event "Igor Kurnosov Mem Rapid"]
[Site "Chelyabinsk RUS"]
[Date "2016.05.26"]
[Round "2.10"]
[White "Zvjaginsev, Vadim"]
[Black "Iliushkin, Evgeny"]
[Result "1-0"]
[WhiteTitle "GM"]
[BlackTitle "FM"]
[WhiteElo "2672"]
[BlackElo "2223"]
[WhiteFideId "4113403"]
[BlackFideId "4141407"]
[EventDate "2016.05.26"]

1. e4 c5 2. Nf3 e6 3. g3 Nc6 4. Bg2 Nf6 5. Qe2 d5 6. exd5 Nxd5 7. O-O Be7 8. Rd1
Bf6 9. Nc3 O-O 10. Ne4 Nd4 11. Nxd4 cxd4 12. c4 Nb4 13. Nxf6+ Qxf6 14. d3 Nc6
15. Re1 Bd7 16. Bd2 a5 17. Qh5 Qg6 18. Qxg6 hxg6 19. b3 f6 20. f4 Rfe8 21. a3
Kf7 22. b4 axb4 23. axb4 Rxa1 24. Rxa1 e5 25. b5 Nd8 26. fxe5 fxe5 1-0

[Event "Igor Kurnosov Mem Rapid"]
[Site "Chelyabinsk RUS"]
[Date "2016.05.26"]
[Round "3.1"]
[White "Grischuk, Alexander"]
[Black "Yuffa, Daniil"]
[Result "1/2-1/2"]
[WhiteTitle "GM"]
[BlackTitle "IM"]
[WhiteElo "2752"]
[BlackElo "2503"]
[WhiteFideId "4126025"]
[BlackFideId "24131423"]
[EventDate "2016.05.26"]

1. e4 Nf6 2. e5 Nd5 3. d4 d6 4. Nf3 dxe5 5. dxe5 Nc6 6. h3 Bf5 7. Bd3 Bxd3 8.
Qxd3 Qd7 9. O-O O-O-O 10. a3 e6 11. Qe2 Bc5 12. c3 Nde7 13. b4 Bb6 14. a4 a5 15.
b5 Nb8 16. Nbd2 Qd3 17. Qxd3 Rxd3 18. Ne4 Nd7 19. Ba3 Ng6 20. c4 Bd4 21. Rfd1
Rxf3 22. Rxd4 Ndxe5 23. b6 Rd3 24. Rxd3 Nxd3 25. bxc7 Kxc7 26. Nd6 Nge5 27. Rd1
f6 28. Nb5+ Kb6 29. Bd6 Rc8 30. f4 Nxf4 31. c5+ Rxc5 32. Bxc5+ Kxc5 33. Nd6 b6
34. Ne8 Ne2+ 35. Kh2 Nc3 36. Rc1 Kb4 37. Nxg7 Nxa4 38. Rb1+ Kc4 39. Nxe6 b5 40.
Rf1 b4 41. Rxf6 Nc3 42. Rf4+ Kd5 43. Nd4 a4 44. Nc2 b3 45. Na3 Nd3 46. Rh4 Ne1
47. Rxh7 Nc2 48. Rh5+ Kd4 49. Rh4+ Kd3 50. Nc4 a3 51. Nxa3 Nxa3 52. Rb4 Kc2 53.
h4 Nd5 54. Rxb3 Kxb3 55. g4 Kc4 56. h5 Kd4 57. g5 Ke5 58. h6 Ne7 59. g6 Nxg6 60.
h7 Nh8 61. Kg3 Nc4 62. Kf3 1/2-1/2

[Event "Igor Kurnosov Mem Rapid"]
[Site "Chelyabinsk RUS"]
[Date "2016.05.26"]
[Round "3.2"]
[White "Khusnutdinov, Rustam"]
[Black "Rublevsky, Sergei"]
[Result "0-1"]
[WhiteTitle "GM"]
[BlackTitle "GM"]
[WhiteElo "2487"]
[BlackElo "2692"]
[WhiteFideId "13701703"]
[BlackFideId "4115309"]
[EventDate "2016.05.26"]

1. e4 c5 2. Nf3 e6 3. d4 cxd4 4. Nxd4 Nc6 5. Nc3 a6 6. Be3 Nf6 7. Qf3 Bb4 8.
Nxc6 bxc6 9. Bd3 d5 10. exd5 cxd5 11. Bd4 O-O 12. O-O-O a5 13. a4 Ba6 14. Nb5
Rc8 15. Kb1 Bxb5 16. Bxb5 Bc5 17. Bxf6 Qxf6 18. Qxf6 gxf6 19. Rd2 f5 20. c3 Kg7
21. g3 Kf6 22. Re1 h5 23. h4 Rg8 24. Rf1 Rg4 25. Ka2 Rh8 26. Kb3 f4 27. Be2 Rg7
28. gxf4 Kf5 29. Rd3 Kxf4 30. Re1 Ke5 31. Rf3 Kd6 32. Kc2 f5 33. Rf1 Rg4 34. Rg3
Rxh4 35. f4 Rh2 36. Kd3 h4 37. Rg6 Rb8 38. Rb1 Rf2 39. Rh6 Rxf4 40. Bh5 Rg8 0-1

[Event "Igor Kurnosov Mem Rapid"]
[Site "Chelyabinsk RUS"]
[Date "2016.05.26"]
[Round "3.3"]
[White "Inarkiev, Ernesto"]
[Black "Sveshnikov, Evgeny"]
[Result "1-0"]
[WhiteTitle "GM"]
[BlackTitle "GM"]
[WhiteElo "2686"]
[BlackElo "2504"]
[WhiteFideId "4162722"]
[BlackFideId "4100638"]
[EventDate "2016.05.26"]

1. d4 d5 2. c4 e6 3. Nf3 Nf6 4. g3 dxc4 5. Bg2 Nc6 6. Qa4 Bb4+ 7. Bd2 Bxd2+ 8.
Nbxd2 Qd5 9. Nh4 Qd7 10. Bxc6 bxc6 11. Qxc4 Rb8 12. b3 O-O 13. Nhf3 Nd5 14. O-O
Nb4 15. Rfe1 Ba6 16. Qc1 c5 17. a3 Nc6 18. Qxc5 Rfd8 19. e3 Rb5 20. Qc3 Rh5 21.
Rac1 Bb7 22. e4 f5 23. d5 exd5 24. e5 f4 25. e6 Qe7 26. Qc5 Rd6 27. b4 fxg3 28.
fxg3 Qe8 29. b5 d4 30. Qc4 Na5 31. Qxc7 Rxe6 32. Qxa5 Re3 33. Qc7 Rxb5 34. Qc4+
Rd5 35. Nf1 Kh8 36. Nxe3 dxe3 37. Qb3 Rb5 38. Rxe3 1-0

[Event "Igor Kurnosov Mem Rapid"]
[Site "Chelyabinsk RUS"]
[Date "2016.05.26"]
[Round "3.4"]
[White "Gutenev, Alexander"]
[Black "Ponkratov, Pavel"]
[Result "1/2-1/2"]
[WhiteTitle "FM"]
[BlackTitle "GM"]
[WhiteElo "2398"]
[BlackElo "2595"]
[WhiteFideId "4195540"]
[BlackFideId "4157800"]
[EventDate "2016.05.26"]

1. e4 e6 2. d4 d5 3. Nd2 h6 4. c3 Nf6 5. e5 Nfd7 6. Bd3 c5 7. Ne2 Nc6 8. f4 Qb6
9. Nf3 Be7 10. O-O f5 11. exf6 gxf6 12. Bg6+ Kd8 13. Bf7 cxd4 14. cxd4 Nf8 15.
f5 Rh7 16. Bg8 Rh8 17. Bf7 Rh7 18. Bg8 Rh8 19. Bf7 1/2-1/2

[Event "Igor Kurnosov Mem Rapid"]
[Site "Chelyabinsk RUS"]
[Date "2016.05.26"]
[Round "3.5"]
[White "Movsesian, Sergei"]
[Black "Yuzhakov, Oleg"]
[Result "1-0"]
[WhiteTitle "GM"]
[BlackTitle "FM"]
[WhiteElo "2660"]
[BlackElo "2340"]
[WhiteFideId "310204"]
[BlackFideId "24104604"]
[EventDate "2016.05.26"]

1. Nf3 d5 2. g3 Nf6 3. Bg2 c5 4. O-O Nc6 5. d3 g6 6. Nbd2 Bg7 7. e4 e6 8. exd5
Nxd5 9. Ne4 Qe7 10. Re1 O-O 11. c4 Nb6 12. Bg5 f6 13. Be3 Nd7 14. d4 cxd4 15.
Nxd4 Nce5 16. Qe2 Nb6 17. Nb5 Ned7 18. Rad1 Rd8 19. Nc7 Rb8 20. c5 Na8 21. Nb5
a6 22. Nbd6 Nf8 23. Qc4 Qc7 24. Bd4 f5 25. Nf6+ Kh8 26. Nfe8 1-0

[Event "Igor Kurnosov Mem Rapid"]
[Site "Chelyabinsk RUS"]
[Date "2016.05.26"]
[Round "3.6"]
[White "Bezgodov, Alexei"]
[Black "Khismatullin, Denis"]
[Result "0-1"]
[WhiteTitle "GM"]
[BlackTitle "GM"]
[WhiteElo "2512"]
[BlackElo "2609"]
[WhiteFideId "4105257"]
[BlackFideId "4142578"]
[EventDate "2016.05.26"]

1. e4 c5 2. Nc3 d6 3. Nf3 Nf6 4. d4 cxd4 5. Nxd4 a6 6. Bg5 Nbd7 7. Bc4 h6 8.
Bxf6 Nxf6 9. Qe2 e6 10. O-O-O Qc7 11. Bb3 b5 12. f4 b4 13. e5 Nh7 14. Nd5 Qb7
15. Qf3 Rb8 16. Nc6 exd5 17. Bxd5 Be7 18. exd6 Bxd6 19. Rhe1+ Kf8 20. Nd8 Qc7
21. Nxf7 Bf5 22. Re2 Bxf4+ 23. Kb1 Ng5 24. Nxg5 hxg5 25. g3 Rd8 26. gxf4 Qxf4
27. Qg2 g6 28. Qg1 Kg7 29. Rf1 Qd6 30. Qa7+ Rd7 31. Qd4+ Qf6 32. Qxf6+ Kxf6 33.
Bc4 a5 34. Kc1 Rh4 35. b3 Rf4 36. Rfe1 g4 37. Kb2 Kg5 38. a4 Rf3 39. Rg2 Kf4 40.
Be2 Re7 41. Reg1 Ree3 42. Kc1 Rc3 43. Bd1 Rc5 44. Kd2 Rfc3 45. Rxg4+ Bxg4 46.
Rxg4+ Kf5 47. Rd4 Rh3 48. Be2 Rxh2 49. Ke3 Re5+ 0-1